Online
Catalog

Las técnicas de aduana en la República Dominicana / (Record no. 2529)

MARC details
000 -CABECERA
campo de control de longitud fija 01459nam a2200241 a 4500
001 - NÚMERO DE CONTROL
campo de control 000002693
005 - FECHA Y HORA DE LA ÚLTIMA TRANSACCIÓN
campo de control 20200929150235.0
008 - DATOS DE LONGITUD FIJA--INFORMACIÓN GENERAL
campo de control de longitud fija 090703s1993 dr a 000 0 spa d
040 ## - FUENTE DE LA CATALOGACIÓN
Centro catalogador/agencia de origen DO-SdBNP
Lengua de catalogación spa
Centro/agencia transcriptor BNPHU
082 ## - NÚMERO DE LA CLASIFICACIÓN DECIMAL DEWEY
Número de clasificación 336.26
Número de documento/Ítem C587t
100 1# - ENTRADA PRINCIPAL--NOMBRE DE PERSONA
Nombre de persona Clander, Luis Antonio
9 (RLIN) 8499
245 14 - MENCIÓN DE TÍTULO
Título Las técnicas de aduana en la República Dominicana /
Mención de responsabilidad, etc. Luis Antonio Clander.
260 ## - PUBLICACIÓN, DISTRIBUCIÓN, ETC.
Lugar de publicación, distribución, etc. Santo Domingo :
Nombre del editor, distribuidor, etc. Soto Castillo,
Fecha de publicación, distribución, etc. 1993.
300 ## - DESCRIPCIÓN FÍSICA
Extensión 398 p. :
Otras características físicas il. ;
Dimensiones 21 cm.
500 ## - NOTA GENERAL
Nota general Incluye referencias bibliográficas y notas al pie de las páginas.
504 ## - NOTA DE BIBLIOGRAFÍA, ETC.
Nota de bibliografía, etc. Bibliografía: p. 395-398
505 0# - NOTA DE CONTENIDO CON FORMATO
Nota de contenido con formato Generalidades -- Reseña histórica de la aduana en la República Dominicana -- Régimen legal que sustenta las operaciones aduaneras -- Apectos que rigen el tratamiento aduanero de las importaciones -- El costo de adquisición como factor primordial en la gravación del impuesto -- Distinto procedimientos que fundamentan el desaduanamiento de las importaciones -- Exoneración del impuesto de una mercancia importada -- Compañias mineras y compañias aseguradoras -- Relaciones comerciales internacionales -- Las exportaciones -- Concluciones y recomendaciones -- Apéndices -- Bibliografía y entrevistas.
590 ## - NOTA LOCAL (RLIN)
Nota local Inventariado, 2018/LP
650 #4 - PUNTO DE ACCESO ADICIONAL DE MATERIA--TÉRMINO DE MATERIA
Término de materia o nombre geográfico como elemento de entrada Política arancelaria
9 (RLIN) 8500
650 #4 - PUNTO DE ACCESO ADICIONAL DE MATERIA--TÉRMINO DE MATERIA
Término de materia o nombre geográfico como elemento de entrada Aduana
Subdivisión geográfica Repùblica Dominicana
9 (RLIN) 8501
650 #4 - PUNTO DE ACCESO ADICIONAL DE MATERIA--TÉRMINO DE MATERIA
Término de materia o nombre geográfico como elemento de entrada Aranceles de aduana
Subdivisión geográfica República Dominicana
9 (RLIN) 8502
910 ## - DATOS DE OPCIÓN DEL USUARIO (OCLC)
Datos de opción del usuario Validado. Control de calidad BNPHU
Holdings
Estado de retiro Estado de pérdida Restricciones de uso No para préstamo Código de colección Localización permanente Ubicación/localización actual Ubicación en estantería Fecha de adquisición Número de inventario Total de préstamos Signatura topográfica completa Código de barras Fecha visto por última vez Número de copia Precio válido a partir de Tipo de ítem Koha
    Préstamo interno   Dominicana de Servicio General General Depósito 10.02.2010 LF1   336.26 C587t 2693-30 25.06.2020 e. 3 25.06.2020 Libro y Folleto Colección Dominicana de Servicio
    Préstamo interno   Dominicana de Servicio General General Depósito 10.02.2010 LF1   336.26 C587t 2693-40 25.06.2020 e. 4 25.06.2020 Libro y Folleto Colección Dominicana de Servicio
    Préstamo interno   Dominicana de Servicio General General Depósito 10.02.2010 LF1   336.26 C587t 2693-50 25.06.2020 e. 5 25.06.2020 Libro y Folleto Colección Dominicana de Servicio
      Excluido de préstamo Patrimonio Dominicano Patrimonio Dominicano Patrimonio Dominicano Depósito 03.07.2009 LF1   336.26 C587t 2693-10 25.06.2020   25.06.2020 Libro y Folleto Colección Patrimonio Dominicano
      Excluido de préstamo Patrimonio Dominicano Patrimonio Dominicano Patrimonio Dominicano Depósito 10.02.2010 LF1   336.26 C587t 2693-20 25.06.2020 e. 2 25.06.2020 Libro y Folleto Colección Patrimonio Dominicano

Powered by Koha